| 000 | 00549nam a22001937a 4500 | ||
|---|---|---|---|
| 999 |
_c3996 _d3996 |
||
| 003 | GBCCL | ||
| 005 | 20241126110508.0 | ||
| 008 | 171220b xxu||||| |||| 00| 0 eng d | ||
| 020 | _a0963505513 | ||
| 040 | _cgbc | ||
| 082 |
_a920 _bDUD |
||
| 100 |
_aDuduman, Dumitru _97757 |
||
| 245 |
_aLife in Christ: _bA Treasury of Writings / _cDumitru Duduman, |
||
| 260 |
_aDallas: _bHand of Help, _c2000 |
||
| 300 |
_a144 p.; _bill., _c21 cm. |
||
| 650 |
_aDuduman, Dumitra, 1932 - 1997 _911447 |
||
| 650 |
_aBoldea, Michael, Tr. _911448 |
||
| 942 |
_2ddc _cBK _01 |
||